| 000 | 01449cam a2200337 a 4500 | ||
|---|---|---|---|
| 001 | 1105148 | ||
| 003 | ARRUPE | ||
| 005 | 20220421090334.0 | ||
| 008 | 930305s1993 enka b 001 0 eng | ||
| 010 | _a 93003505 | ||
| 020 | _a0415094054 | ||
| 040 |
_aDLC _cDLC _dDLC |
||
| 050 | 0 | 0 |
_aB1649 _b.R91 1983 vol. 3 _aQA8.6 |
| 082 | 0 | 0 |
_a192 s _a510/.1 _220 |
| 100 | 1 |
_aRussell, Bertrand, _d1872-1970. _911326 |
|
| 245 | 1 | 0 |
_aToward the "Principles of mathematics" 1900-02 / _cBertrand Russell ; edited by Gregory H. Moore. |
| 250 | _aMcMaster University ed. | ||
| 260 |
_aLondon ; _aNew York : _bRoutledge, _c1993. |
||
| 300 |
_alviii, 895 p. : _bill. ; _c25 cm. |
||
| 490 | 1 |
_aThe Collected papers of Bertrand Russell ; _vv. 3 |
|
| 500 | _aIncludes 16 previously unpublished articles by Russell and the draft manuscript of The Principles of mathematics. | ||
| 504 | _aIncludes bibliographical references (p. 821-849) and indexes. | ||
| 650 | 0 |
_aMathematics _xPhilosophy. |
|
| 650 | 0 |
_aLiar paradox. _951359 |
|
| 700 | 1 |
_aMoore, Gregory H. _951360 |
|
| 800 | 1 |
_aRussell, Bertrand, _d1872-1970. _tWorks. _kSelections. _f1983 ; _vv. 3. _951361 |
|
| 856 | 4 | 2 |
_3Publisher description _uhttp://www.loc.gov/catdir/enhancements/fy0648/93003505-d.html |
| 906 |
_a7 _bcbc _corignew _d1 _eocip _f19 _gy-gencatlg |
||
| 942 |
_2lcc _cMONOGRAPH |
||
| 999 |
_c131316 _d131316 |
||